000
00284nam a22001217a 4500
008
170531b xxu||||| |||| 00| 0 eng d
041
_a
eng
080
_2
3 ED
_a
94
100
_a
17
101
_a
SHH
245
_a
WESTERN CIVILIZATION A BRIEF HISTORY
_c
PERRY.M
942
_2
udc
_c
BK
999
_c
15128
_d
15128